000 00698nam a2200241Ia 4500
003 OSt
005 20220925195021.0
006 a|||||r|||| 00| 0
007 ta
008 220923b |||||||| |||| 00| 0 eng d
037 _cGeneral Book
040 _aRTL
_cRTL
_beng
041 _2eng
_aeng
082 _aX:191.243s, MO/GD
110 _aPUNJAB, ECONOMIC ADVISER
245 0 _aEstimates of fixed capital formation in the urban house sector
260 _aChandigarh
_bGovt. Press
_c1980
490 _v1979-80 (39p.)
650 _aCapital Formation
700 _aPUNJAB, ECONOMIC ADVISER
942 _hX:191.243s, MO/GD
_cGB
_2CC
999 _c531530
_d531530